Clinical Logbook/Practical Record Book for BSc Nursing Programme (Record no. 98295)
[ view plain ]
| 000 -LEADER | |
|---|---|
| fixed length control field | 00432nam a22001697a 4500 |
| 005 - DATE AND TIME OF LATEST TRANSACTION | |
| control field | 20230603123351.0 |
| 008 - FIXED-LENGTH DATA ELEMENTS--GENERAL INFORMATION | |
| fixed length control field | 230224b |||||||| |||| 00| 0 eng d |
| 020 ## - INTERNATIONAL STANDARD BOOK NUMBER | |
| International Standard Book Number | 9789354659478 |
| 041 ## - LANGUAGE CODE | |
| Language code of text/sound track or separate title | eng |
| 082 ## - DEWEY DECIMAL CLASSIFICATION NUMBER | |
| Edition number | 1 |
| 100 ## - MAIN ENTRY--PERSONAL NAME | |
| Author | Clement, I. |
| 245 ## - TITLE STATEMENT | |
| Title | Clinical Logbook/Practical Record Book for BSc Nursing Programme |
| 300 ## - PHYSICAL DESCRIPTION | |
| Extent | 61P. |
| 365 ## - TRADE PRICE | |
| Price amount | 195.00 |
| Currency code | rs |
| 942 ## - ADDED ENTRY ELEMENTS (KOHA) | |
| Koha item type | Compact Books |
| 650 ## - SUBJECT ADDED ENTRY--TOPICAL TERM | |
| Topical term or geographic name entry element | NURSING FOUNDATION |
| Withdrawn status | Lost status | Source of classification or shelving scheme | Damaged status | Not for loan | Home library | Current library | Date acquired | Vendor | Net Price | Total Checkouts | Barcode | Date last seen | Actual Price | Bill Date | Koha item type |
|---|---|---|---|---|---|---|---|---|---|---|---|---|---|---|---|
| Dewey Decimal Classification | Sitabai Nargundkar College of Nursing Nagpur | Sitabai Nargundkar College of Nursing Nagpur | 24/02/2023 | Complimentary copy by Jaypee Brothers Medical Publisher | 195.00 | SNCN-CB-9 | 24/02/2023 | 195.00 | 24/02/2023 | Compact Books |